|
|
|
|
| LEADER |
00000cam a22000004a 4500 |
| 001 |
musev2_69726 |
| 003 |
MdBmJHUP |
| 005 |
20230905051210.0 |
| 006 |
m o d |
| 007 |
cr||||||||nn|n |
| 008 |
080407s2007 ncu o 00 0 eng d |
| 020 |
|
|
|a 9780822389910
|
| 020 |
|
|
|z 9780822340010
|
| 020 |
|
|
|z 9780822339847
|
| 035 |
|
|
|a (OCoLC)1142925339
|
| 040 |
|
|
|a MdBmJHUP
|c MdBmJHUP
|
| 100 |
1 |
|
|a Roy, Srirupa,
|e author.
|
| 245 |
1 |
0 |
|a Beyond Belief :
|b India and the Politics of Postcolonial Nationalism /
|c Srirupa Roy.
|
| 264 |
|
1 |
|a Durham :
|b Duke University Press,
|c 2007.
|
| 264 |
|
3 |
|a Baltimore, Md. :
|b Project MUSE,
|c 2020
|
| 264 |
|
4 |
|c ©2007.
|
| 300 |
|
|
|a 1 online resource (264 pages):
|b illustrations
|
| 336 |
|
|
|a text
|b txt
|2 rdacontent
|
| 337 |
|
|
|a computer
|b c
|2 rdamedia
|
| 338 |
|
|
|a online resource
|b cr
|2 rdacarrier
|
| 490 |
0 |
|
|a Politics, history, and culture
|
| 505 |
0 |
|
|a Introduction : Imagining institutions, instituting diversity : toward a theory of nation-state formation -- Moving pictures : the Films Division of India and the visual practices of the nation-state -- Marching in time : Republic Day parades and the ritual practices of the nation-state -- Indian darkness : science, development, and the needs discourse of the nation-state -- Cities of hope : steel townships and the spatial practices of the nation-state -- Conclusion : after midnight.
|
| 520 |
|
|
|a Examines the formation of the nation-state in postcolonial India, how it worked to create an identity for itself, to what extent it succeeded, and what may be the prospects for unity in a widely diverse country.
|
| 546 |
|
|
|a English.
|
| 588 |
|
|
|a Description based on print version record.
|
| 600 |
1 |
7 |
|a Nehru, Jawaharlal,
|d 1889-1964.
|2 fast
|0 (OCoLC)fst00043065
|
| 600 |
1 |
0 |
|a Nehru, Jawaharlal,
|d 1889-1964.
|
| 650 |
|
7 |
|a Politics and government.
|2 fast
|0 (OCoLC)fst01919741
|
| 650 |
|
7 |
|a Nationalism.
|2 fast
|0 (OCoLC)fst01033832
|
| 650 |
|
7 |
|a Nation-state.
|2 fast
|0 (OCoLC)fst01715961
|
| 650 |
|
7 |
|a HISTORY
|z Asia
|x India & South Asia.
|2 bisacsh
|
| 650 |
|
7 |
|a POLITICAL SCIENCE
|x Political Ideologies
|x Nationalism.
|2 bisacsh
|
| 650 |
|
7 |
|a nations.
|2 aat
|
| 650 |
|
6 |
|a Nation.
|
| 650 |
|
0 |
|a Nation-state.
|
| 650 |
|
0 |
|a Nationalism
|z India
|x History.
|
| 651 |
|
7 |
|a India.
|2 fast
|0 (OCoLC)fst01210276
|
| 651 |
|
6 |
|a Inde
|x Politique et gouvernement
|y 1947-
|
| 651 |
|
0 |
|a India
|x Politics and government
|y 1947-
|
| 655 |
|
7 |
|a History.
|2 fast
|0 (OCoLC)fst01411628
|
| 655 |
|
7 |
|a Electronic books.
|2 local
|
| 710 |
2 |
|
|a Project Muse.
|e distributor
|
| 830 |
|
0 |
|a Book collections on Project MUSE.
|
| 856 |
4 |
0 |
|z Texto completo
|u https://projectmuse.uam.elogim.com/book/69726/
|
| 945 |
|
|
|a Project MUSE - Custom Collection
|